Catalog

Record Details

Catalog Search



Blue's clues. Get clued into school pack ... Read More

Series: Blue's clues

Record details

  • Physical Description: 3 videodiscs (294 min.) : sound, color ; 4 3/4 in.
  • Edition: Standard format.
  • Publisher: Hollywood, Calif. : Nickelodeon, [2015]

Content descriptions

General Note:
Animation and live action.
Formatted Contents Note:
Blue's room. Alphabet power -- Blue's clues. Blue ... Read More
Participant or Performer Note:
Steven Burns, Donovan Patton.
Voices: Victoria Pontecorvo, Traci Paige Johnson.
Date/Time and Place of an Event Note:
Originally produced 1996-2005.
Target Audience Note:
Not rated.
Canadian Home Video Rating: G.
System Details Note:
DVD, region 1; Dolby Digital stereo.
Language Note:
In English.
Closed-captioned.
Subject: Blue (Fictitious character) > Juvenile films.
Dogs > Juvenile films.
Shapes > Juvenile films.
Alphabet > Juvenile films.
Schools > Juvenile films.
Genre: Animated television programs.
Children's television programs.
Video recordings for the hearing impaired.
LDR 02527cgm a2200625Ki 4500
001177258
003LARL_NWRL_CONSORTIUM
00520150401100618.0
007vd cvaizs
008150310p20151996cau294 j vceng d
0241 . ‡a032429215468
035 . ‡a(OCoLC)904607852
040 . ‡aGK6 ‡erda ‡cGK6 ‡dOCLCO
0410 . ‡aeng ‡jeng
24500. ‡aBlue's clues. ‡pGet clued into school pack ‡h[DVD/videorecording]/ ‡cNick Jr. ; Nickelodeon ; created by Traci Paige Johnson, Todd Kessler, Angela C. Santomero.
24630. ‡aGet clued into school pack
250 . ‡aStandard format.
260 . ‡aHollywood, Calif. : ‡bNickelodeon, ‡c[2015]
300 . ‡a3 videodiscs (294 min.) : ‡bsound, color ; ‡c4 3/4 in.
336 . ‡atwo-dimensional moving image ‡btdi ‡2rdacontent
337 . ‡avideo ‡bv ‡2rdamedia
338 . ‡avideodisc ‡bvd ‡2rdacarrier
344 . ‡adigital ‡boptical ‡2rda
347 . ‡avideo file ‡bDVD video ‡2rda
4900 . ‡aBlue's clues
538 . ‡aDVD, region 1; Dolby Digital stereo.
546 . ‡aIn English.
546 . ‡aClosed-captioned.
5111 . ‡aSteven Burns, Donovan Patton.
5110 . ‡aVoices: Victoria Pontecorvo, Traci Paige Johnson.
518 . ‡aOriginally produced 1996-2005.
500 . ‡aAnimation and live action.
5218 . ‡aNot rated.
5218 . ‡aCanadian Home Video Rating: G.
5050 . ‡aBlue's room. Alphabet power -- Blue's clues. Blue takes you to school -- Blue's clues. Shapes and colors!
650 0. ‡aBlue (Fictitious character) ‡vJuvenile films.
650 0. ‡aDogs ‡vJuvenile films.
650 0. ‡aShapes ‡vJuvenile films.
650 0. ‡aAlphabet ‡vJuvenile films.
650 0. ‡aSchools ‡vJuvenile films.
655 7. ‡aAnimated television programs. ‡2lcgft ‡0(LARL_NWRL_CONSORTIUM)175705
655 7. ‡aChildren's television programs. ‡2lcgft ‡0(LARL_NWRL_CONSORTIUM)175766
655 7. ‡aVideo recordings for the hearing impaired. ‡2lcgft ‡0(LARL_NWRL_CONSORTIUM)175744
7001 . ‡aPatton, Donovan, ‡d1978- ‡eactor. ‡0(LARL_NWRL_CONSORTIUM)210551
7001 . ‡aBurns, Steven, ‡d1973- ‡eactor. ‡0(LARL_NWRL_CONSORTIUM)145377
7001 . ‡aPontecorvo, Victoria, ‡evoice actor.
7001 . ‡aJohnson, Traci Paige, ‡ecreator, ‡evoice actor. ‡0(LARL_NWRL_CONSORTIUM)136505
7001 . ‡aKessler, Todd, ‡ecreator. ‡0(LARL_NWRL_CONSORTIUM)131040
7001 . ‡aSantomero, Angela C., ‡ecreator. ‡0(LARL_NWRL_CONSORTIUM)129328
948 . ‡hNO HOLDINGS IN LAL - 21 OTHER HOLDINGS
994 . ‡aZ0 ‡bLAL
901 . ‡a177258 ‡bOCLC ‡c177258 ‡tbiblio

Additional Resources